000 00522nam a22001937a 4500
003 NUST
005 20230126155518.0
008 190706b ||||| |||| 00| 0 eng d
038 _aAttaullah.
082 _a510
100 _aMumtaz, Ifra
_916913
245 _aThe Spectral Method
_cIfra Mumtaz.
260 _aIslamabad :
_bSNS - NUST,
_c2014.
300 _a41 p. : ill. ;
_c30cm.
500 _aHard Cover.
650 _aMathematics - M.Phil Thesis.
_916594
700 _aProf. Faiz Ahmad.
_916656
942 _2ddc
_cTHE
999 _c525970
_d525970